| 000 | 02862nam0a2200397 4500 | ||
|---|---|---|---|
| 001 | RU\NLR\bibl\1656609 | ||
| 005 | 20250616035354.0 | ||
| 010 | _a978-5-17-054826-2 | ||
| 010 |
_a978-5-226-02213-5 _93000 |
||
| 021 |
_aRU _b2010-45124 _93017 |
||
| 035 | _a(nilc)RSL-KNO-004660222 | ||
| 035 | _aKML\BIBL\0000016415 | ||
| 035 | _a(NLR Aleph) 001647909 | ||
| 090 |
_a903158 _c903158 |
||
| 100 | _a20100622d2010 |||y0rusy50 ca | ||
| 101 | 1 |
_arus _ceng |
|
| 102 | _aRU | ||
| 105 | _ay zzzz||||| | ||
| 200 | 1 |
_aОн, она и... собака _e[роман] _fЛесли Шнур _g[пер. с англ. М. А. Александровой] |
|
| 210 |
_aМосква _cАСТ _aВладимир _cВКТ _d2010 |
||
| 215 |
_a317 с. _d21 |
||
| 225 | 1 | _aAvenue | |
| 330 | _aНина Шепард = очаровательная мечтательница из Манхэттена = выгуливает чужих элитных собак и попутно многое узнает о личной жизни их хозяев. Специфика работы открывает ей двери в самые роскошные квартиры города| в квартиры, где живут мужчины, о которых мечтают все <свет-ские львицы> Нью-Йорка. Но только Нина знает об этих мужчинах все = и даже больше. И прекрасно понимает: ей под силу очаровать любого, стоит лишь постараться. Но кому отдать предпочтение? Хозяину избалованной таксы = или преданного бульдога? Владельцу элегантного пуделя = или забавного далматинца? Говорят, если хочешь узнать о мужчине все, взгляни на его пса! Так, может, стоит присмотреться повнимательнее? | ||
| 610 | 0 | _aФилологические науки. Художественная литература -- США -- Американская литература -- с 1945 г. -- Произведения художественной литературы -- Художественная проза -- Романы. Повести. Рассказы | |
| 686 |
_aШ5(7США)62-644 _2rubbk |
||
| 686 |
_a0661 _aЗарубежная сентиментальная литература _2TCC-BG |
||
| 686 | _aШ6(7США)67-440.4{Лх1979-50} | ||
| 700 | 1 |
_aШнур _bЛ. _gЛесли _4070 |
|
| 801 | 0 |
_aRU _bРГБ _c20100622 _gRCR |
|
| 801 | 1 |
_aRU _bРГБ _c20100622 |
|
| 801 | 2 |
_aRU _bЦУНБ Москва _c20100709 _gRCR |
|
| 801 | 2 |
_aRU _bNLR _c20100720 _grcr |
|
| 830 | _aCODE_OF_LIBNET\000052165 | ||
| 942 | _cBOOK | ||
| 980 | _aNB | ||